000 00396nam a2200157Ia 4500
003 GCL
008 140319s9999 xx 000 0 eng d
040 _aGCL /
_cGCL
082 0 4 _a956
_bY M
100 1 _aYAPP, M.E.
245 1 0 _aTHE MAKING OF THE MODERN NEAR EAST 1792-1923 /
_cYAPP, M.E.
260 _a[S.N] :
_bLONGMAN ،
_c1991
300 _a404
650 0 4 _aMIDDLE EAST
942 _2ddc
_cBK
999 _c18206
_d18206